书目信息 |
| 题名: |
人的思维和"人工智能"
|
|
| 作者: | IO.B.奥尔费耶夫 ;伍铁平 | |
| 分册: | ||
| 出版信息: | 北京 中国社会科学 1986 |
|
| 页数: | 112页 | |
| 开本: | 20cm | |
| 丛书名: | ||
| 单 册: | ||
| 中图分类: | B80-05 | |
| 科图分类: | ||
| 主题词: | 思维科学 | |
| 电子资源: | ||
| ISBN: | ||
| 000 | 00601nam0 2200193 450 | |
| 001 | 0753865015 | |
| 005 | 20070818145745.01 | |
| 010 | @d¥0.70 | |
| 100 | @a20070818d km y0chiy0120 ea | |
| 101 | 0 | @achi |
| 200 | 1 | @a人的思维和"人工智能"@Aren de si wei he"ren gong zhi neng"@f(苏)IO.B.奥尔费耶夫@F(su)IO.B.ao er fei ye fu@g伍铁平@Gwu tie ping |
| 210 | @a北京@c中国社会科学@d1986 | |
| 215 | @a112页@d20cm | |
| 606 | 0 | @a思维科学 |
| 690 | @aB80-05@v3 | |
| 701 | 0 | @aIO.B.奥尔费耶夫@AIO.B.ao er fei ye fu |
| 702 | 0 | @a伍铁平@Awu tie ping |
| 801 | 0 | @aCN@bPFT@c20070818 |
| 905 | @a213230@dB80-05@ee117@f1 | |
| 人的思维和"人工智能"/(苏)IO.B.奥尔费耶夫/伍铁平.-北京:中国社会科学,1986 |
| 112页;20cm |
| ISBN :¥0.70 |
| ● |
| 相关链接 |
|
|
|
|
正题名:人的思维和"人工智能"
索取号:B80-05/e117
 
预约/预借
| 序号 | 登录号 | 条形码 | 馆藏地/架位号 | 状态 | 备注 |
| 1 | 6300180 | 263001806 | 教育系资料室/ [索取号:B80-05/e117] | 在馆 | |
| 2 | 6300181 | 263001815 | 教育系资料室/ [索取号:B80-05/e117] | 在馆 |